Protestantský fundamentalizmus vo vývoji konfliktu v Severnom Írsku

Salvato in:
Dettagli Bibliografici
Autore principale: Hašková, Magdaléna, 1980-
Natura: Capitolo di libro
Lingua:slovacco
Tags: Aggiungi Tag
Nessun Tag, puoi essere il primo ad aggiungerne!!

MARC

LEADER 00000nla$a2200000$$$4500
001 0062967
005 20240502071722.4
041 0 |a slo 
044 |a SK 
245 1 0 |a Protestantský fundamentalizmus vo vývoji konfliktu v Severnom Írsku  |c Magdaléna Hašková 
100 1 |a Hašková, Magdaléna, 1980-